00456 2200181 4500001002100000005001500021035002000036245004600056100001600102300002000118700001600138260003400154082001000188084001600198020001800214600001600232990002600248INLIS00000000000037420251029111318 a0010-10250001921 aBudi Daya Udang galah /cP.K. Poerwantana0 aPoerwantana a55hlm ;c20,5cm0 aPoerwantana aSemarang :bAzka Press,c2006 a639.5 a639.5 POE b a979-744-522-4 4apoerwantana a2014/SMKMIRI/1324/001